The Walking Dead Cast Members with the starring role - Statistics

General Stats
  • This quiz has been taken 24 times
    21 since last reset
  • The average score is 17 of 42
Answer Stats
Answer % Correct
Andrew Lincoln
94%
Norman Reedus
94%
Chandler Riggs
71%
Jon Bernthal
71%
Lauren Cohan
71%
Melissa McBride
71%
Jeffrey Dean Morgan
65%
Steven Yeun
59%
Alanna Masterson
53%
Christian Serratos
53%
Emily Kinney
53%
Josh McDermitt
53%
Lennie James
53%
Michael Cudlitz
53%
Ross Marquand
53%
Seth Gilliam
53%
Khary Payton
47%
Michael Rooker
47%
Sarah Wayne Callies
47%
Scott Wilson
47%
Danai Gurira
41%
Jeffrey DeMunn
41%
Katelyn Nacon
41%
Sonequa Martin-Green
41%
David Morrissey
35%
Laurie Holden
35%
Samantha Morton
35%
Tom Payne
35%
Chad Coleman
29%
Cooper Andrews
29%
Cailey Fleming
24%
Ryan Hurst
24%
Callan McAuliffe
18%
Lauren Ridloff
18%
Nadia Hilker
18%
Eleanor Matsuura
12%
Laila Robins
12%
Paola Lázaro
12%
Angel Theory
6%
Josh Hamilton
6%
Michael James Shaw
6%
Cassady McClincy
0%
No matching quizzes found
Score Distribution
Percent of People with Each Score
Percentile by Number Answered
Your Score History
You have not taken this quiz since the last reset